A Source book in astronomy and astrophysics, 1900-1975 /

Bibliographic Details
Other Authors: Lang, Kenneth R., Gingerich, Owen
Format: Book
Language:English
Published: Cambridge, Mass. : Harvard University Press, 1979.
Series:Source books in the history of the sciences.
Subjects:

MARC

Tag First Indicator Second Indicator Subfields
LEADER 00000pam a2200000 i 4500
001 in00000048644
005 20151007073555.0
008 780505s1979 maua b 00100 eng
010 |a  78009463  
020 |a 0674822005 
035 |a (OCoLC)03933662 
035 |9 AAE9965AM 
040 |a DLC  |c DLC  |d TXA  |d UtOrBLW 
049 |a TXAM  |c [1191984] 
050 0 0 |a QB51  |b .S67 
082 0 |a 520/.8 
245 0 2 |a A Source book in astronomy and astrophysics, 1900-1975 /  |c edited by Kenneth R. Lang and Owen Gingerich. 
264 1 |a Cambridge, Mass. :  |b Harvard University Press,  |c 1979. 
300 |a xx, 922 pages :  |b illustrations ;  |c 29 cm. 
336 |a text  |b txt  |2 rdacontent 
337 |a unmediated  |b n  |2 rdamedia 
338 |a volume  |b nc  |2 rdacarrier 
490 1 |a Source books in the history of the sciences 
504 |a Includes bibliographical references and indexes. 
650 0 |a Astronomy. 
650 0 |a Astrophysics. 
700 1 |a Lang, Kenneth R. 
700 1 |a Gingerich, Owen. 
830 0 |a Source books in the history of the sciences. 
999 |a MARS 
999 f f |s b57d28c8-b50a-3bc9-be11-26af9af4f189  |i eee55d38-c8e1-353a-8415-054827fd5c4e  |t 0 
952 f f |p ric  |a Texas A&M University  |b Rellis Campus  |c Joint Library Facility  |d Remote Storage  |t 0  |e QB51 .S67  |h Library of Congress classification  |i unmediated -- volume  |m A14804574537 
998 f f |a QB51 .S67  |t 0  |l Remote Storage